| 000 | 00422nam a2200157Ia 4500 | ||
|---|---|---|---|
| 008 | 210716s1997 xx 000 0 und d | ||
| 020 | _a0134000110 | ||
| 041 | _aeng | ||
| 082 | _a658.3124 DUBA | ||
| 100 | _aDubrin, Andrew J. | ||
| 245 | _aHuman relations: Interpersonal job-oriented skills. | ||
| 250 | _a6 | ||
| 260 |
_aNew Jersey _bPrentice Hall _c1997 |
||
| 300 | _axvi,285 | ||
| 650 | _aHuman Resource Development | ||
| 999 |
_c203014 _d203014 |
||